A examination of the problem-solving conceptualizations of inservice teachers (Record no. 68676)

MARC details
000 -CABECERA
campo de control de longitud fija 00667nam a2200229 a 4500
005 - FECHA Y HORA DE LA ÚLTIMA TRANSACCIÓN
campo de control 20210219153116.0
008 - ELEMENTOS DE LONGITUD FIJA--INFORMACIÓN GENERAL
campo de control de longitud fija 991125n 000 0 u
035 ## - NÚMERO DE CONTROL DEL SISTEMA
Número de control de sistema UPN01000078406
100 ## - ASIENTO PRINCIPAL--NOMBRE PERSONAL
Nombre de persona Funkhouser, Charles
222 ## - TÍTULO CLAVE
Título clave SCHOOL SCIENCE AND MATHEMATICS
245 ## - MENCIÓN DE TÍTULO
Título A examination of the problem-solving conceptualizations of inservice teachers
300 ## - DESCRIPCIÓN FÍSICA
Extensión 81-85
362 ## - FECHAS DE PUBLICACIÓN Y/O DESIGNACIÓN SECUENCIAL
Fecha de publicación y/o designación secuencial 93, No. 2, 1993
505 ## - NOTA DE CONTENIDO CON FORMATO PREESTABLECIDO
Nota de contenido con formato Diciembre 1993
653 0# - TERMINO DE INDIZACION - NO CONTROLADO
Término no controlado DEFINICIONES
653 0# - TERMINO DE INDIZACION - NO CONTROLADO
Término no controlado DIAGRAMA (CONOCIMIENTO)
653 0# - TERMINO DE INDIZACION - NO CONTROLADO
Término no controlado ESTRUCTURA COGNITIVA
653 0# - TERMINO DE INDIZACION - NO CONTROLADO
Término no controlado MAESTROS DE MATEMATICA
653 0# - TERMINO DE INDIZACION - NO CONTROLADO
Término no controlado RESOLUCION DE PROBLEMAS
904 ## - ELEMENTOS DE DATOS D LOCAL, LDD (RLIN)
a AC
b 016217
905 ## - TIPO DE MATERIAL
Tipo de material Articulo

No items available.